[Event "EU-chJ U18"]
[Site "Arnhem"]
[Date "1987.??.??"]
[Round "9"]
[White "Pieniazek, Artur"]
[Black "Damaso, Rui"]
[Result "0-1"]
[WhiteElo "2280"]
[BlackElo "2320"]
[PlyCount "62"]
[EventDate "1987.12.??"]
[EventType "swiss"]
[EventRounds "13"]
[EventCountry "NED"]
[Source "Fruth,M"]
[SourceDate "2003.05.15"]

1. d4 d5 2. c4 e6 3. Nc3 c5 4. cxd5 cxd4 5. Qa4+ Bd7 6. Qxd4 exd5 7. Qxd5 Nc6
8. e3 Nf6 9. Qd1 Bc5 10. Nf3 Qe7 11. Be2 g5 12. a3 O-O-O 13. b4 Bb6 14. O-O Kb8
15. Bb2 g4 16. Nd4 Nxd4 17. exd4 Bc6 18. b5 Rxd4 19. Qc2 Bf3 20. Rfe1 Qc5 21.
Bxf3 gxf3 22. Rac1 Qg5 23. g3 Qh5 24. Re3 Ng4 25. Rxf3 Qxh2+ 26. Kf1 Qh1+ 27.
Ke2 Re8+ 28. Re3 Rxe3+ 29. fxe3 Qg2+ 30. Ke1 Qg1+ 31. Ke2 Qf2# 0-1

[Event "Belgrade GMA"]
[Site "Belgrade"]
[Date "1988.??.??"]
[Round "?"]
[White "Gostisa, Leon"]
[Black "Jovicic, Milos"]
[Result "1/2-1/2"]
[WhiteElo "2415"]
[BlackElo "2350"]
[PlyCount "113"]
[EventDate "1988.??.??"]
[EventType "swiss"]
[EventRounds "9"]
[EventCountry "YUG"]
[Source "Fruth,M"]
[SourceDate "2003.05.15"]

1. d4 d5 2. c4 e6 3. Nc3 c5 4. cxd5 cxd4 5. Qxd4 Nc6 6. Qd1 exd5 7. Qxd5 Bd7 8.
e3 Nf6 9. Qb3 Bc5 10. Nf3 Qe7 11. Be2 O-O-O 12. a3 g5 13. Qc2 g4 14. Nd2 Kb8
15. b4 Bd6 16. Nc4 Bc7 17. Bb2 Rhg8 18. O-O-O Rg5 19. Nd2 Bf5 20. Qb3 Rc8 21.
Nf1 a5 22. b5 Nb4 23. axb4 Qxb4 24. Qxb4 axb4 25. Ng3 Bxg3 26. hxg3 Ne4 27. Rd4
Nxc3 28. Kd2 Nxe2 29. Kxe2 Rc2+ 30. Rd2 Rxd2+ 31. Kxd2 Be4 32. b6 Rf5 33. f4
gxf3 34. gxf3 Rxf3 35. Be5+ Kc8 36. Rc1+ Bc6 37. Rb1 Rf5 38. Bd4 Rg5 39. Rxb4
Kd7 40. Bc3 Rxg3 41. Rh4 Ke6 42. Rxh7 Be4 43. Rh2 Kd5 44. Bf6 Rg6 45. Rf2 Kc4
46. Bd4 f5 47. Ke1 Rh6 48. Rd2 Bd3 49. Rf2 Rh1+ 50. Kd2 Be4 51. Be5 Rb1 52. Bd4
Rg1 53. Be5 Rg8 54. Bd4 Ra8 55. Kc1 Ra3 56. Rd2 Ra5 57. Rf2 1/2-1/2

[Event "Capablanca mem-A"]
[Site "Cienfuegos"]
[Date "1988.??.??"]
[Round "?"]
[White "Azmaiparashvili, Zurab"]
[Black "Popchev, Milko"]
[Result "1-0"]
[WhiteElo "2540"]
[BlackElo "2470"]
[PlyCount "55"]
[EventDate "1988.??.??"]
[EventType "tourn"]
[EventRounds "11"]
[EventCountry "CUB"]
[EventCategory "11"]
[Source "Fruth,M"]
[SourceDate "2003.05.15"]

1. c4 e6 2. Nc3 d5 3. d4 c5 4. cxd5 cxd4 5. Qa4+ Bd7 6. Qxd4 exd5 7. Qxd5 Nc6
8. Bg5 Be7 9. Nf3 Qb6 10. Qd2 Be6 11. Be3 Qa5 12. Bd4 Nf6 13. e3 O-O 14. Be2
Rfd8 15. O-O a6 16. Rfc1 Qh5 17. Qe1 Qg6 18. Ne5 Nxe5 19. Bxe5 Bd6 20. Bxd6
Rxd6 21. Rd1 Nd5 22. Bf3 Rad8 23. Ne4 Rc6 24. Qa5 Rdc8 25. h3 f5 26. Ng3 Rc5
27. Qd2 Qf7 28. b4 1-0

[Event "CAN-ch"]
[Site "Windsor"]
[Date "1989.??.??"]
[Round "?"]
[White "Taylor, Gordon"]
[Black "Hartman, Brian"]
[Result "1/2-1/2"]
[WhiteElo "2345"]
[BlackElo "2345"]
[PlyCount "56"]
[EventDate "1989.??.??"]
[EventType "tourn"]
[EventRounds "15"]
[EventCountry "CAN"]
[EventCategory "4"]
[Source "Fruth,M"]
[SourceDate "2003.05.15"]

1. d4 d5 2. c4 e6 3. Nc3 c5 4. cxd5 cxd4 5. Qa4+ Bd7 6. Qxd4 exd5 7. Qxd5 Nc6
8. Nf3 Nf6 9. Qd1 Bc5 10. e3 Qe7 11. Be2 O-O-O 12. Bd2 g5 13. Rc1 Kb8 14. Nxg5
Rhg8 15. Nge4 Nxe4 16. Nxe4 Bb4 17. Nc3 Rxg2 18. Bf3 Rxf2 19. Kxf2 Qh4+ 20. Ke2
Ne5 21. Be1 Qc4+ 22. Kf2 Rg8 23. Qd4 Nd3+ 24. Ke2 Nxc1+ 25. Kd2 Qxd4+ 26. exd4
Nxa2 27. Bg3+ Ka8 28. Ra1 Nxc3 1/2-1/2

[Event "CUB-ch"]
[Site "Sancti Spiritus"]
[Date "1989.??.??"]
[Round "3"]
[White "Armas, Jorge"]
[Black "Arencibia, Walter"]
[Result "1/2-1/2"]
[WhiteElo "2385"]
[BlackElo "2395"]
[PlyCount "35"]
[EventDate "1989.??.??"]
[EventType "swiss"]
[EventRounds "11"]
[EventCountry "CUB"]
[SourceDate "1999.07.01"]

1. d4 d5 2. c4 e6 3. Nc3 c5 4. cxd5 cxd4 5. Qa4+ Bd7 6. Qxd4 exd5 7. Nf3 Nc6 8.
Qxd5 Nf6 9. Qd1 Bc5 10. e3 Qe7 11. Be2 O-O-O 12. O-O g5 13. b4 Bxb4 14. Bb2
Rhg8 15. Nd4 Nxd4 16. Qxd4 Kb8 17. Nd5 Nxd5 18. Qxd5 1/2-1/2

[Event "Gran Canaria op"]
[Site "Gran Canaria"]
[Date "1989.??.??"]
[Round "?"]
[White "Hernandez, Roman"]
[Black "Garcia Padron, Jose"]
[Result "0-1"]
[WhiteElo "2435"]
[BlackElo "2420"]
[PlyCount "78"]
[EventDate "1989.??.??"]
[EventType "swiss"]
[EventCountry "ESP"]
[Source "Fruth,M"]
[SourceDate "2003.05.15"]

1. d4 d5 2. c4 e6 3. Nc3 c5 4. cxd5 cxd4 5. Qxd4 Nc6 6. Qd1 exd5 7. e3 Nf6 8.
Nf3 Bd6 9. Be2 O-O 10. O-O a6 11. b3 Re8 12. Bb2 Bc7 13. Rc1 Qd6 14. g3 Bh3 15.
Re1 Rad8 16. Nd4 Nxd4 17. Qxd4 Bb6 18. Qh4 Bd7 19. Red1 Bc6 20. Bf3 Ba7 21. Ne2
Nd7 22. Nd4 Ne5 23. Bg2 Bd7 24. Qg5 g6 25. Qh6 Qf6 26. h3 Bf5 27. Ba1 Be4 28.
f4 Nd3 29. Nf5 d4 30. Nxd4 Nxc1 31. Rxc1 Bxd4 32. exd4 Bd5 33. Rf1 Re2 34. Bxd5
Rxd5 35. g4 Qe7 36. f5 Qe4 37. Rf2 Qb1+ 38. Kg2 Rxf2+ 39. Kxf2 Qxa1 0-1

[Event "Portoroz IT"]
[Site "Portoroz"]
[Date "1989.??.??"]
[Round "?"]
[White "Gostisa, Leon"]
[Black "Truta, Srecko"]
[Result "1/2-1/2"]
[WhiteElo "2420"]
[BlackElo "2265"]
[PlyCount "119"]
[EventDate "1989.??.??"]
[EventType "tourn"]
[EventRounds "11"]
[EventCountry "YUG"]
[SourceDate "1999.07.01"]

1. d4 d5 2. c4 e6 3. Nc3 c5 4. cxd5 cxd4 5. Qxd4 Nc6 6. Qd1 exd5 7. Qxd5 Bd7 8.
Nf3 Nf6 9. Qb3 Bc5 10. e3 Qe7 11. a3 O-O-O 12. Qc2 Kb8 13. Be2 g5 14. b4 g4 15.
Nd2 Bd6 16. Nc4 Bc7 17. Bb2 Ne5 18. Nxe5 Bxe5 19. Nd1 Bc6 20. O-O Ne4 21. Bd3
Rhg8 22. Bxe4 Bxe4 23. Bxe5+ Qxe5 24. Qb2 Qh5 25. Qf6 Ka8 26. Nc3 Bf3 27. Kh1
Rd2 28. Ra2 Bxg2+ 29. Kg1 Rxa2 30. Rd1 Ra1 31. Rxa1 Bf3 32. Qf4 Qh3 33. Qg3 Rd8
34. Nb5 Qxg3+ 35. hxg3 Kb8 36. Nd4 Rd6 37. Rc1 Be4 38. Kf1 b6 39. Ke1 h5 40.
Kd2 f5 41. Kc3 a6 42. Rd1 h4 43. gxh4 Rh6 44. Rd2 Rxh4 45. Ne2 Rh6 46. Ng3 Rc6+
47. Kb3 Kc7 48. Nxe4 fxe4 49. Rd4 Rf6 50. Rxe4 Rxf2 51. Rxg4 Re2 52. Rc4+ Kd6
53. Rc3 b5 54. a4 Rd2 55. e4 Rd4 56. Re3 a5 57. e5+ Ke6 58. bxa5 Rxa4 59. Re1
Rxa5 60. Kb4 1/2-1/2

[Event "Tirnavia-C"]
[Site "Trnava"]
[Date "1989.??.??"]
[Round "1"]
[White "Michenka, Jozef"]
[Black "Brandner, Stefan"]
[Result "1-0"]
[WhiteElo "2310"]
[BlackElo "2270"]
[PlyCount "97"]
[EventDate "1989.??.??"]
[EventType "tourn"]
[EventRounds "13"]
[EventCountry "CZE"]
[EventCategory "3"]
[Source "Fruth,M"]
[SourceDate "2003.05.15"]

1. d4 d5 2. c4 e6 3. Nc3 c5 4. cxd5 cxd4 5. Qxd4 Nc6 6. Qd1 exd5 7. Qxd5 Bd7 8.
Bg5 Nf6 9. Qd2 h6 10. Bxf6 Qxf6 11. Nf3 O-O-O 12. Rc1 Bb4 13. a3 Bf5 14. Qf4
Bxc3+ 15. bxc3 g5 16. Qa4 Rhe8 17. e3 Be4 18. Nd4 Kb8 19. Bb5 Ne5 20. O-O Re7
21. f3 Bg6 22. e4 Rc7 23. Qb4 Qf4 24. Kh1 g4 25. Ne2 Qe3 26. f4 Nc6 27. Bxc6
Qxe2 28. Rce1 Qd2 29. Bd5 Qxc3 30. f5 Bh5 31. Rb1 Qxb4 32. Rxb4 b6 33. Kg1 f6
34. a4 Rc5 35. Ra1 Be8 36. Rb2 h5 37. a5 b5 38. Rf2 Kc7 39. h3 gxh3 40. gxh3
Kd6 41. Rg2 Ke5 42. Rg7 Rd7 43. Rg8 Re7 44. Kf2 Rc3 45. h4 Rh3 46. Rc1 Rxh4 47.
Rc8 Bf7 48. Rg7 Rf4+ 49. Ke3 1-0

[Event "Edinburgh op"]
[Site "Ednburgh"]
[Date "1989.??.??"]
[Round "6"]
[White "Beaumont, Chris"]
[Black "Lalic, Susan"]
[Result "1/2-1/2"]
[WhiteElo "2435"]
[BlackElo "2310"]
[PlyCount "22"]
[EventDate "1989.03.24"]
[EventType "swiss"]
[EventRounds "9"]
[EventCountry "SCO"]
[SourceDate "1999.07.01"]

1. d4 d5 2. c4 e6 3. Nc3 c5 4. cxd5 cxd4 5. Qxd4 Nc6 6. Qd1 exd5 7. Qxd5 Bd7 8.
Nf3 Nf6 9. Qd1 Qb6 10. e3 O-O-O 11. Be2 Bh3 1/2-1/2

[Event "Benidorm op"]
[Site "Benidorm"]
[Date "1989.??.??"]
[Round "?"]
[White "Clement Gomez, Jose A"]
[Black "Martin Gonzalez, Angel"]
[Result "0-1"]
[WhiteElo "2200"]
[BlackElo "2375"]
[PlyCount "94"]
[EventDate "1989.04.??"]
[EventType "swiss"]
[EventRounds "9"]
[EventCountry "ESP"]
[SourceDate "1999.07.01"]

1. d4 d5 2. c4 e6 3. Nc3 c5 4. cxd5 cxd4 5. Qxd4 Nc6 6. Qa4 exd5 7. e3 Nf6 8.
Nf3 Bd6 9. Be2 O-O 10. O-O Re8 11. Nb5 Bb8 12. Nbd4 Qd6 13. g3 Ne4 14. Rd1 Bg4
15. Bd2 Qf6 16. Bc3 Be5 17. Rf1 Bxf3 18. Nxf3 Bxc3 19. bxc3 Nxc3 20. Qc2 d4 21.
Nh4 dxe3 22. fxe3 Nd4 23. exd4 Qxd4+ 24. Kh1 Rxe2 25. Qf5 Qe4+ 26. Qxe4 Nxe4
27. Rac1 Nf6 28. Rc7 Rxa2 29. Rxb7 Re8 30. Nf3 h6 31. Nd4 a5 32. g4 Nxg4 33.
Rbxf7 Nxh2 34. R1f2 Rxf2 35. Rxf2 Ng4 36. Ra2 Ra8 37. Ra4 Ne5 38. Kg2 Ra6 39.
Kf2 Nc6 40. Nf3 Rb6 41. Rc4 Kh7 42. Nh4 Rb4 43. Rxb4 axb4 44. Ke3 g5 45. Nf3
Kg6 46. Ke4 b3 47. Kd3 g4 0-1

[Event "Noviki IT A"]
[Site "Budapest"]
[Date "1989.??.??"]
[Round "?"]
[White "Boensch, Uwe"]
[Black "Brunner, Lucas"]
[Result "1-0"]
[WhiteElo "2490"]
[BlackElo "2425"]
[PlyCount "67"]
[EventDate "1989.05.??"]
[EventType "tourn"]
[EventRounds "11"]
[EventCountry "HUN"]
[EventCategory "9"]
[Source "Fruth,M"]
[SourceDate "2003.05.15"]

1. d4 d5 2. c4 e6 3. Nc3 c5 4. cxd5 cxd4 5. Qxd4 Nc6 6. Qd1 exd5 7. Qxd5 Bd7 8.
e3 Nf6 9. Qd1 Bc5 10. Nf3 Qe7 11. Bd2 O-O-O 12. Rc1 Kb8 13. a3 Bf5 14. Qa4 Nd4
15. Be2 Nxe2 16. Nxe2 Ne4 17. Bb4 Bxb4+ 18. Qxb4 Qxb4+ 19. axb4 Rc8 20. Rxc8+
Rxc8 21. Nfd4 Bd7 22. f3 Nf6 23. Kd2 Rc4 24. Nc2 Nd5 25. b3 Rh4 26. e4 Nc7 27.
Ned4 Rh6 28. Kc3 Rg6 29. Ne3 Nb5+ 30. Nxb5 Bxb5 31. Rd1 Rc6+ 32. Kb2 Rh6 33.
Rd8+ Kc7 34. Rf8 1-0

[Event "Moscow Women op"]
[Site "Moscow"]
[Date "1990.??.??"]
[Round "?"]
[White "Litinskaya, Marta I"]
[Black "Nepeina Leconte, Maria"]
[Result "1-0"]
[WhiteElo "2355"]
[BlackElo "2215"]
[PlyCount "67"]
[EventDate "1990.??.??"]
[EventType "swiss"]
[EventRounds "9"]
[EventCountry "URS"]
[Source "Fruth,M"]
[SourceDate "2003.05.15"]

1. d4 d5 2. c4 e6 3. Nc3 c5 4. cxd5 cxd4 5. Qxd4 Nc6 6. Qd1 exd5 7. Qxd5 Bd7 8.
Nf3 Nf6 9. Qd1 Bc5 10. e3 Qe7 11. Be2 O-O-O 12. O-O g5 13. Nd4 Qe5 14. Nf3 Qe7
15. Bd2 g4 16. Nd4 h5 17. Rc1 Kb8 18. Bb5 Ne5 19. Bxd7 Rxd7 20. Qa4 Nd3 21. Rb1
h4 22. b4 Bb6 23. Qb5 Ne5 24. Kh1 Rh5 25. Qe2 h3 26. g3 Qd6 27. Nb3 Qc6+ 28. e4
Nd3 29. b5 Rxb5 30. f3 gxf3 31. Rxf3 Ng4 32. Rbf1 f6 33. Rxd3 Rxd3 34. Qxd3 1-0

[Event "Prague T7 IT"]
[Site "Prague"]
[Date "1990.??.??"]
[Round "4"]
[White "Vokac, Marek"]
[Black "Cech, Pavel"]
[Result "1-0"]
[WhiteElo "2465"]
[BlackElo "2230"]
[PlyCount "79"]
[EventDate "1990.??.??"]
[EventType "tourn"]
[EventRounds "11"]
[EventCountry "CZE"]
[EventCategory "4"]
[SourceDate "1999.07.01"]

1. d4 e6 2. c4 d5 3. Nc3 c5 4. cxd5 cxd4 5. Qa4+ Bd7 6. Qxd4 exd5 7. Nf3 Nc6 8.
Qd1 Nf6 9. e3 Bg4 10. Be2 Bd6 11. O-O Rc8 12. b3 O-O 13. Bb2 Bb8 14. Rc1 a6 15.
Nd4 Ne5 16. f3 Be6 17. f4 Nc6 18. Bf3 Re8 19. Kh1 Ba7 20. Nce2 Bd7 21. Ng3 Rxe3
22. Ndf5 Bxf5 23. Nxf5 Re6 24. Nxg7 Kxg7 25. Bxd5 Rd6 26. Qg4+ Kf8 27. Bxf6
Rxf6 28. Be4 Ne7 29. Rce1 Rh6 30. Rd1 Rd6 31. f5 Bd4 32. Bxb7 Rc7 33. Bxa6 Rxa6
34. Rxd4 Rd6 35. Rxd6 Qxd6 36. Rd1 Nd5 37. h3 Qe5 38. Qh4 Rd7 39. Re1 Qxf5 40.
Qh6+ 1-0

[Event "Pula op"]
[Site "Pula"]
[Date "1990.??.??"]
[Round "7"]
[White "Kovacevic, Veljko"]
[Black "Golubovic, Zoran"]
[Result "1/2-1/2"]
[WhiteElo "2305"]
[BlackElo "2310"]
[PlyCount "53"]
[EventDate "1990.??.??"]
[EventType "swiss"]
[EventRounds "9"]
[EventCountry "YUG"]
[SourceDate "1999.07.01"]

1. c4 e6 2. Nc3 d5 3. d4 c5 4. cxd5 cxd4 5. Qxd4 Nc6 6. Qd1 exd5 7. Qxd5 Be6 8.
Qxd8+ Rxd8 9. Bg5 f6 10. Bd2 Nb4 11. Rc1 Nxa2 12. Nxa2 Bxa2 13. e3 a6 14. Ba5
Rd7 15. Ne2 Ne7 16. Nd4 Bd5 17. h4 h5 18. Bd3 g6 19. O-O f5 20. b4 Bg7 21. Bb6
O-O 22. b5 Bf6 23. bxa6 bxa6 24. Ra1 Bxh4 25. Rxa6 Rc8 26. Ra7 Rxa7 27. Bxa7
1/2-1/2

[Event "SWE-ch"]
[Site "Gothenburg"]
[Date "1990.??.??"]
[Round "?"]
[White "Svensson, Bengt"]
[Black "Holst, Conny"]
[Result "1-0"]
[WhiteElo "2405"]
[BlackElo "2285"]
[PlyCount "81"]
[EventDate "1990.??.??"]
[EventType "tourn"]
[EventRounds "15"]
[EventCountry "SWE"]
[EventCategory "5"]
[SourceDate "1999.07.01"]

1. c4 e6 2. Nc3 d5 3. d4 c5 4. cxd5 cxd4 5. Qa4+ Bd7 6. Qxd4 exd5 7. Nf3 Nc6 8.
Qxd5 Nf6 9. Qd1 Bc5 10. e3 Qe7 11. Be2 O-O-O 12. O-O g5 13. b4 Nxb4 14. Nd4
Rhg8 15. Bb2 g4 16. g3 Nbd5 17. Nxd5 Nxd5 18. Qb3 Rg5 19. Rfc1 Kb8 20. a4 a5
21. Bb5 Nb4 22. Bxd7 Rxd7 23. Rd1 Qe4 24. Qc4 Qd5 25. Nc6+ Qxc6 26. Qf4+ Ka7
27. Qxg5 Nd3 28. Bd4 Rd5 29. Qxg4 Bxd4 30. exd4 Qc4 31. Qe2 Rxd4 32. Qe3 b6 33.
Ra3 Nf4 34. Rxd4 Ne2+ 35. Kg2 Nxd4 36. Rd3 Qc6+ 37. Kg1 Nc2 38. Qe7+ Ka6 39.
Qd7 Qc4 40. Qe8 Qxd3 41. Qa8# 1-0

[Event "Spring op"]
[Site "Budapest"]
[Date "1990.??.??"]
[Round "7"]
[White "Gauglitz, Gernot"]
[Black "Truta, Srecko"]
[Result "1-0"]
[WhiteElo "2430"]
[BlackElo "2255"]
[PlyCount "113"]
[EventDate "1990.??.??"]
[EventType "swiss"]
[EventRounds "9"]
[EventCountry "HUN"]
[SourceDate "1999.07.01"]

1. d4 d5 2. c4 e6 3. Nc3 c5 4. cxd5 cxd4 5. Qa4+ Bd7 6. Qxd4 exd5 7. Qxd5 Nc6
8. Qd1 Nf6 9. e3 Bc5 10. Nf3 Qe7 11. a3 O-O-O 12. Qc2 Kb8 13. Be2 g5 14. b4 g4
15. Nd2 Bd6 16. Nc4 Bc7 17. Bb2 Ne5 18. Na5 Bxa5 19. bxa5 Bc6 20. Rg1 Qc5 21.
a6 Ne4 22. Rd1 Rxd1+ 23. Qxd1 Qa5 24. Qd4 Rd8 25. Qb4 Qxb4 26. axb4 Nd3+ 27.
Bxd3 Nxc3 28. Bc2 Nd5 29. Be5+ Ka8 30. axb7+ Kxb7 31. Bxh7 Nxb4 32. Bd4 Rd5 33.
Ke2 Rh5 34. Bg8 Rxh2 35. Bxf7 Rxg2 36. Rxg2 Bxg2 37. Bg6 a5 38. e4 Kc6 39. Bf6
Kd6 40. Ke3 a4 41. Bb2 Nc6 42. Kf4 Ne7 43. Be8 Ke6 44. Bxa4 Ng6+ 45. Ke3 Ne5
46. Bb3+ Kd6 47. Ba3+ Kd7 48. Bd5 Bf3 49. Bc5 Bd1 50. Bg8 Kc6 51. Bd4 Kd6 52.
Bh7 Nc6 53. Bg7 Nd8 54. e5+ Kd7 55. Bf5+ Ne6 56. Bf6 Bf3 57. Kd2 1-0

[Event "Vysehrad A IT"]
[Site "Prague"]
[Date "1990.??.??"]
[Round "9"]
[White "Stettler, Michael"]
[Black "Cech, Pavel"]
[Result "1/2-1/2"]
[WhiteElo "2375"]
[BlackElo "2230"]
[PlyCount "82"]
[EventDate "1990.??.??"]
[EventType "tourn"]
[EventRounds "11"]
[EventCountry "CSR"]
[EventCategory "2"]
[SourceDate "1999.07.01"]

1. d4 e6 2. c4 d5 3. Nc3 c5 4. cxd5 cxd4 5. Qxd4 Nc6 6. Qd1 exd5 7. Qxd5 Bd7 8.
Nf3 Nf6 9. Qd1 Bc5 10. e3 Qe7 11. Be2 O-O-O 12. O-O g5 13. Nd4 Qe5 14. b4 Nxd4
15. exd4 Bxd4 16. Bb2 h5 17. Qd3 Bc6 18. Qg3 Qxg3 19. hxg3 h4 20. Rad1 hxg3 21.
Rxd4 Rxd4 22. fxg3 Rd2 23. Ba1 Rh6 24. b5 Bd7 25. Bc4 Ng4 26. Ne4 Rc2 27. Bd3
Rxa2 28. Bg7 Rh2 29. Rc1+ Kb8 30. Rc2 Rxc2 31. Bxc2 Rh7 32. Bf6 Bf5 33. Bxg5
Rg7 34. Bf4+ Ka8 35. Kf1 Rg8 36. Ke2 Bg6 37. Bd3 Bf5 38. Nd6 Bxd3+ 39. Kxd3 Rd8
40. Ke4 a5 41. bxa6 bxa6 1/2-1/2

[Event "YUG-ch TT"]
[Site "Cetinje"]
[Date "1990.??.??"]
[Round "2"]
[White "Dancevski, Orce"]
[Black "Stamenkovic, Zoran"]
[Result "1/2-1/2"]
[WhiteElo "2295"]
[BlackElo "2290"]
[PlyCount "113"]
[EventDate "1990.??.??"]
[EventType "team"]
[EventRounds "9"]
[EventCountry "YUG"]
[SourceDate "1999.07.01"]

1. d4 d5 2. c4 e6 3. Nc3 c5 4. cxd5 cxd4 5. Qxd4 Nc6 6. Qa4 exd5 7. e3 Nf6 8.
Nf3 Bc5 9. Bb5 Bd7 10. O-O O-O 11. Rd1 a6 12. Bxc6 Bxc6 13. Qc2 Qe7 14. Nd4
Bxd4 15. Rxd4 Rfd8 16. Bd2 Ne4 17. Rd1 Rd7 18. Nxe4 dxe4 19. Bb4 Qe8 20. Rxd7
Bxd7 21. Qc7 Bc6 22. Bc3 f6 23. Rd6 Qf7 24. Qa5 Re8 25. h3 Re6 26. Rd2 Re7 27.
Rd8+ Re8 28. Bd4 Rxd8 29. Qxd8+ Qe8 30. Qc7 Qd7 31. Qb8+ Qe8 32. Qf4 Qe6 33. a3
h5 34. Qc7 Qd7 35. Qa5 Qd5 36. Qc7 Qd7 37. Qg3 Qf5 38. Qb8+ Kh7 39. Qc7 Kg6 40.
b4 Qd7 41. Qg3+ Kf7 42. Bc5 Qd1+ 43. Kh2 Qd7 44. Bd4 Qf5 45. Kg1 Qe6 46. Qf4
Qd7 47. g4 hxg4 48. hxg4 Kg6 49. Kg2 Qe6 50. Kg3 Bd7 51. Bc5 Kf7 52. Qf5 Qxf5
53. gxf5 Bxf5 54. a4 g5 55. a5 Bd7 56. Bb6 Be6 57. Bd4 1/2-1/2

[Event "YUG-ch sfin"]
[Site "Kladovo"]
[Date "1990.??.??"]
[Round "12"]
[White "Jacimovic, Dragoljub"]
[Black "Kosanovic, Goran A"]
[Result "1/2-1/2"]
[WhiteElo "2400"]
[BlackElo "2405"]
[PlyCount "76"]
[EventDate "1990.??.??"]
[EventType "swiss"]
[EventRounds "13"]
[EventCountry "YUG"]
[SourceDate "1999.07.01"]

1. d4 d5 2. c4 e6 3. Nc3 c5 4. cxd5 cxd4 5. Qa4+ Bd7 6. Qxd4 exd5 7. Qxd5 Nc6
8. Bg5 Nf6 9. Qd2 Qa5 10. Bxf6 gxf6 11. e3 O-O-O 12. Nf3 Bg4 13. Qc1 Bxf3 14.
gxf3 Kb8 15. Be2 Rg8 16. f4 Qf5 17. Qb1 Qh3 18. Bf1 Qh4 19. Qf5 Re8 20. Ne4
Bb4+ 21. Ke2 Rxe4 22. Qxe4 Qh5+ 23. f3 f5 24. Qc2 Nd4+ 25. exd4 Re8+ 26. Kf2
Qh4+ 27. Kg1 Qxf4 28. Rd1 Ba5 29. Bg2 Bb6 30. Kf1 Bxd4 31. Qd2 Qh4 32. f4 Bb6
33. Qd6+ Ka8 34. Bxb7+ Kxb7 35. Qd7+ Ka6 36. Qd4 Kb7 37. Qd7+ Ka6 38. Qd3+ Kb7
1/2-1/2

[Event "Cali ZT"]
[Site "Cali"]
[Date "1990.??.??"]
[Round "7"]
[White "Moran, Augusto"]
[Black "Arencibia, Walter"]
[Result "1/2-1/2"]
[WhiteElo "2285"]
[BlackElo "2425"]
[PlyCount "40"]
[EventDate "1990.04.??"]
[EventType "tourn"]
[EventRounds "9"]
[EventCountry "COL"]
[EventCategory "7"]
[Source "Fruth,M"]
[SourceDate "2003.05.15"]

1. d4 d5 2. c4 e6 3. Nc3 c5 4. cxd5 cxd4 5. Qxd4 Nc6 6. Qd1 exd5 7. Qxd5 Bd7 8.
Qe4+ Be6 9. Nf3 Nf6 10. Qa4 Bc5 11. e3 O-O 12. Be2 Qe7 13. O-O Rfd8 14. Ne4
Nxe4 15. Qxe4 f5 16. Qa4 Nb4 17. a3 Nd3 18. Qc2 Nxc1 19. Raxc1 Rac8 20. Qa4 Kh8
1/2-1/2

[Event "Toronto IT B"]
[Site "Toronto"]
[Date "1990.??.??"]
[Round "?"]
[White "Kanani, Saifudin"]
[Black "Polacek, Jozef"]
[Result "1-0"]
[WhiteElo "2245"]
[BlackElo "2240"]
[PlyCount "101"]
[EventDate "1990.04.??"]
[EventType "tourn"]
[EventRounds "11"]
[EventCountry "CAN"]
[SourceDate "1999.07.01"]

1. d4 d5 2. c4 e6 3. Nc3 c5 4. cxd5 cxd4 5. Qa4+ Bd7 6. Qxd4 exd5 7. Qxd5 Nc6
8. Nf3 Nf6 9. Qd1 Bb4 10. e3 Qe7 11. Be2 Ne4 12. Bd2 Nxd2 13. Qxd2 Rc8 14. O-O
O-O 15. a3 Ba5 16. b4 Bd8 17. Nd5 Qe8 18. Rac1 a6 19. h3 Ne7 20. e4 Rxc1 21.
Rxc1 Ng6 22. Qd4 Bc6 23. Bc4 Kh8 24. Re1 f6 25. Nc3 Ne5 26. Nxe5 Qxe5 27. Qxe5
fxe5 28. Bd5 Bb6 29. Re2 Bd4 30. Bxc6 bxc6 31. Rc2 c5 32. Nd5 cxb4 33. Nxb4 Kg8
34. Kf1 Kf7 35. Ke2 Ke6 36. f3 Kd7 37. Kd3 Rb8 38. Nc6 Rb3+ 39. Kc4 Rxa3 40.
Nxd4 Ra4+ 41. Kd5 exd4 42. Rd2 g5 43. Ke5 Ke7 44. Rxd4 Ra2 45. g3 Ra3 46. f4
gxf4 47. gxf4 Rxh3 48. f5 Rb3 49. f6+ Ke8 50. Ke6 Rb8 51. e5 1-0

[Event "Vrnjacka Banja IT"]
[Site "Vrnjacka Banja"]
[Date "1990.??.??"]
[Round "8"]
[White "Timoshenko, Georgy"]
[Black "Marjanovic, Slavoljub"]
[Result "1/2-1/2"]
[WhiteElo "2540"]
[BlackElo "2480"]
[PlyCount "49"]
[EventDate "1990.04.??"]
[EventType "tourn"]
[EventRounds "15"]
[EventCountry "YUG"]
[EventCategory "8"]
[Source "Fruth,M"]
[SourceDate "2003.05.15"]

1. d4 d5 2. c4 e6 3. Nc3 c5 4. cxd5 cxd4 5. Qxd4 Nc6 6. Qd2 exd5 7. Qxd5 Bd7 8.
e3 Nf6 9. Qd1 Bc5 10. Nf3 Qe7 11. a3 O-O-O 12. Qc2 Kb8 13. Be2 g5 14. b4 Bb6
15. Bb2 g4 16. Nd2 Rhe8 17. Nc4 Bc7 18. O-O-O Ne5 19. Kb1 Rc8 20. e4 Nxc4 21.
Bxc4 Be5 22. Bd3 Bxc3 23. Bxc3 Nxe4 24. Bxe4 Qxe4 25. Qxe4 1/2-1/2

[Event "Haninge IT"]
[Site "Haninge"]
[Date "1990.??.??"]
[Round "7"]
[White "Karpov, Anatoly"]
[Black "Hector, Jonny"]
[Result "1-0"]
[WhiteElo "2730"]
[BlackElo "2465"]
[PlyCount "47"]
[EventDate "1990.05.??"]
[EventType "tourn"]
[EventRounds "11"]
[EventCountry "SWE"]
[EventCategory "14"]
[Source "Fruth,M"]
[SourceDate "2003.05.15"]

1. d4 d5 2. c4 e6 3. Nc3 c5 4. cxd5 cxd4 5. Qa4+ Bd7 6. Qxd4 exd5 7. Qxd5 Nc6
8. e3 Nf6 9. Qb3 Bc5 10. Nf3 O-O 11. Be2 Be6 12. Qa4 Qc7 13. O-O Rad8 14. Bd2
Ng4 15. Rfd1 Bd6 16. g3 Qe7 17. Be1 f5 18. Nd5 Qf7 19. Ng5 Qh5 20. h4 Bc8 21.
Nf4 Bxf4 22. Rxd8 Nxd8 23. Qxf4 Nc6 24. Qc7 {Ftacnik,L} 1-0

[Event "Acasusso op"]
[Site "Acasusso"]
[Date "1991.??.??"]
[Round "2"]
[White "Malajovich, Sandra"]
[Black "Cranbourne, Carlos"]
[Result "0-1"]
[WhiteElo "2180"]
[BlackElo "2300"]
[PlyCount "44"]
[EventDate "1991.??.??"]
[EventType "swiss"]
[EventRounds "11"]
[EventCountry "ARG"]
[Source "Fruth,M"]
[SourceDate "2003.05.15"]

1. d4 e6 2. c4 d5 3. Nc3 c5 4. cxd5 cxd4 5. Qa4+ Bd7 6. Qxd4 exd5 7. Qxd5 Nc6
8. Bg5 Nf6 9. Qd2 h6 10. Qe3+ Be6 11. Rd1 Qe7 12. Bh4 g5 13. Bg3 Qb4 14. Nf3
Qxb2 15. Rb1 Qa3 16. Ne5 Bb4 17. Rb3 Nd5 18. Rxa3 Nxe3 19. Nxc6 bxc6 20. Be5
Nc2+ 21. Kd1 Nxa3 22. Bxh8 O-O-O+ 0-1

[Event "CSR-ch U18"]
[Site "Pardubice"]
[Date "1991.??.??"]
[Round "?"]
[White "Babula, Vlastimil"]
[Black "Cech, Pavel"]
[Result "0-1"]
[WhiteElo "2335"]
[BlackElo "2315"]
[PlyCount "42"]
[EventDate "1991.??.??"]
[EventType "tourn"]
[EventRounds "11"]
[EventCountry "CZE"]
[EventCategory "2"]
[Source "Fruth,M"]
[SourceDate "2003.05.15"]

1. d4 e6 2. c4 d5 3. Nc3 c5 4. cxd5 cxd4 5. Qxd4 Nc6 6. Qd1 exd5 7. Qxd5 Bd7 8.
Nf3 Nf6 9. Qd1 Bc5 10. e3 Qe7 11. Be2 O-O-O 12. O-O g5 13. b4 Bxb4 14. Qb3 Be6
15. Bc4 Rd3 16. Nd5 Rxd5 17. Bxd5 Bxd5 18. Qc2 Be4 19. Qe2 Rd8 20. Nd4 Bxg2 21.
Kxg2 Rxd4 0-1

[Event "CSR-ch U18"]
[Site "Pardubice"]
[Date "1991.??.??"]
[Round "?"]
[White "Lipka, Juraj"]
[Black "Cech, Pavel"]
[Result "0-1"]
[WhiteElo "2310"]
[BlackElo "2315"]
[PlyCount "48"]
[EventDate "1991.??.??"]
[EventType "tourn"]
[EventRounds "11"]
[EventCountry "CZE"]
[EventCategory "2"]
[Source "Fruth,M"]
[SourceDate "2003.05.15"]

1. d4 d5 2. c4 e6 3. Nc3 c5 4. cxd5 cxd4 5. Qa4+ Bd7 6. Qxd4 exd5 7. Qxd5 Nf6
8. Qb3 Nc6 9. e3 Bc5 10. Nf3 Qe7 11. Be2 O-O-O 12. O-O g5 13. Na4 Bd6 14. Nxg5
Rhg8 15. f4 Rxg5 16. fxg5 Qe5 17. g3 Ne4 18. Rf4 Nxg5 19. Bf1 Qa5 20. Rf2 Qe1
21. Rf6 Be7 22. Rf4 Nh3+ 23. Kg2 Nxf4+ 24. exf4 Bh3+ 0-1